| 000 | 00410nam a2200133Ia 4500 | ||
|---|---|---|---|
| 008 | 210430s9999 xx 000 0 und d | ||
| 020 | _a0-689-70094-6 | ||
| 082 | _a355 H6741E | ||
| 100 |
_aCharles J. Hitch , Roland N. McKean _954551 |
||
| 245 | 4 |
_aThe Economics of Defense in the Nuclear Age / _cCharles J. Hitch , Roland N. McKean |
|
| 260 |
_aNew York _bAtheneum _c1978 |
||
| 300 | _a422 | ||
| 942 |
_cBK _2ddc |
||
| 999 |
_c565171 _d565171 |
||